|
|
|
|
| LEADER |
02665nkm a2200577 a 4500 |
| 001 |
mzk03001062486 |
| 003 |
CZ BrMZK |
| 005 |
20130423093622.0 |
| 007 |
kj bo| |
| 008 |
080512q16301650gw ||| f || k|latod |
| 034 |
0 |
|
|a a
|d E0084223
|e E0084601
|f N0473124
|g N0472907
|
| 040 |
|
|
|a BOA001
|b cze
|
| 041 |
0 |
|
|a lat
|a ger
|
| 043 |
|
|
|a e-sz---
|
| 072 |
|
7 |
|a 72
|x Architektura
|2 Konspekt
|9 21
|
| 072 |
|
7 |
|a 76
|x Grafické umění. Grafika
|2 Konspekt
|9 21
|
| 080 |
|
|
|a (0.026.6)76
|2 MRF
|
| 080 |
|
|
|a (084.1)
|2 MRF
|
| 080 |
|
|
|a (494)
|2 MRF
|
| 080 |
|
|
|a 721:904
|2 MRF
|
| 080 |
|
|
|a 912.43:069.5
|2 MRF
|
| 100 |
1 |
|
|a Merian, Matthäus,
|d 1593-1650
|7 skuk0000861
|4 aut
|
| 245 |
1 |
0 |
|a Winterthur
|h [grafika] =
|b Winterthur
|
| 246 |
3 |
1 |
|a Winterthur
|h [grafika]
|
| 255 |
|
|
|a Měřítko neuvedeno
|c (008°42´23" v.d.--008°46´01" v.d./047°31´24" s.š.--047°29´07" s.š.)
|
| 260 |
|
|
|a [Frankfurt a. Main :
|b Matth. Merianus,
|c mezi 1630 a 1650]
|
| 300 |
|
|
|a 1 grafický list :
|b mědirytina, podlepená papírem ;
|c 10,5 x 32,5 cm na listu 21 x 33 cm
|
| 500 |
|
|
|a Podlepeno papírem o velikosti 56 x 64,5 cm
|
| 500 |
|
|
|a Výzdoba: Uprostřed horního okraje název, v pravém horním rohu znak
|
| 501 |
|
|
|a Obsahuje: Přívazek 1, Berna ... / Matthäus Merian. -- Přívazek 2, Statt Wilisaw ... / Matthäus Merian
|
| 505 |
2 |
0 |
|t Andelfingen =
|t Andelfingen.
|g 8,5 x 18 cm. (008°40´11" v.d.--008°41´41" v.d./047°35´56" s.š.--047°35´10" s.š.) --
|t Kyburg =
|t Kyburg.
|g 8,5 x 14,5 cm. (008°44´25" v.d.--008°44´48" v.d./047°27´44" s.š.--047°27´16" s.š.) --
|
| 510 |
4 |
|
|a Kuchař, K. Mapová sbírka B.P. Molla,
|c s. 457
|
| 546 |
|
|
|a Název latinsky a německy
|
| 655 |
|
7 |
|a grafické listy
|7 fd132404
|2 czenas
|
| 655 |
|
7 |
|a veduty
|7 fd133805
|2 czenas
|
| 650 |
0 |
7 |
|a historické budovy
|7 ph120726
|2 czenas
|
| 650 |
0 |
4 |
|a Mollova mapová sbírka
|
| 650 |
0 |
7 |
|a mapové sbírky
|z Česko
|7 ph182407
|2 czenas
|
| 610 |
2 |
7 |
|a Moravská zemská knihovna (Brno, Česko).
|b Mapová sbírka B.P. Molla
|7 mzk2005304487
|2 czenas
|
| 651 |
|
7 |
|a Švýcarsko
|7 ge131576
|2 czenas
|
| 700 |
1 |
|
|a Gyger, Hans Konrad,
|d 1599-1674
|7 mzk2009529300
|4 egr
|
| 856 |
4 |
1 |
|u http://mapy.mzk.cz/mzk03/001/062/486/2619269458_01
|y Digitalizovaný dokument
|
| 903 |
|
|
|a RP
|
| 910 |
|
|
|a BOA001
|b Moll-0006.181
|
| 978 |
|
|
|b Merian, Matthäus
|a Frankfurt a.M.
|c 1630-1650
|
| 984 |
|
|
|a Frankfurt nad Mohanem
|b Německo
|
| 985 |
|
|
|a 1601-1650
|
| 990 |
|
|
|a GP
|
| 991 |
|
|
|k mzk
|
| 994 |
|
|
|a DN
|l MZK03
|b 001062488
|m záznam 1. díla (pro objednání pokračujte kliknutím)
|n přívazek 1
|
| 994 |
|
|
|a DN
|l MZK03
|b 001062489
|m záznam 1. díla (pro objednání pokračujte kliknutím)
|n přívazek 1
|